000 00465nam a2200181Ia 4500
003 GCL
008 140319s9999 xx 000 0 ara d
040 _aGCL /
_cGCL
082 0 4 _a370.1
_bس ا
100 1 _aشبل بدران
245 1 0 _aاسس التربية /
_cشبل بدران
700 1 _aاحمد فاروق
300 _a396 ص
490 _aكتاب
_v0
650 0 4 _aالتربية
650 0 4 _aالتربية والتعليم
942 _2ddc
_cBK
999 _c41320
_d41320